Sustainable construction : an agenda for innovation. Proceedings of the BRE 75th Anniversary International Conference, Monday 13 May 1996, Queen Elizabeth II Conference Centre, London. (Record no. 94413)

MARC details
000 -LEADER
fixed length control field 01139cam a2200265 4500
008 - FIXED-LENGTH DATA ELEMENTS--GENERAL INFORMATION
fixed length control field 090401t1996 xxu||||| |||| 00| 0 eng d
020 ## - INTERNATIONAL STANDARD BOOK NUMBER
International Standard Book Number 1860811167
035 ## - SYSTEM CONTROL NUMBER
System control number (Sirsi) u62441
041 ## - LANGUAGE CODE
Language code of text/sound track or separate title eng
050 ## - LIBRARY OF CONGRESS CALL NUMBER
Classification number 690.072
110 ## - MAIN ENTRY--CORPORATE NAME
Corporate name or jurisdiction name as entry element Building Research Establishment
245 ## - TITLE STATEMENT
Title Sustainable construction : an agenda for innovation. Proceedings of the BRE 75th Anniversary International Conference, Monday 13 May 1996, Queen Elizabeth II Conference Centre, London.
260 ## - PUBLICATION, DISTRIBUTION, ETC.
Place of publication, distribution, etc. Watford
Name of publisher, distributor, etc. CRC Ltd.
Date of publication, distribution, etc. 1996
300 ## - PHYSICAL DESCRIPTION
Extent iv,66p. ; 30cm.
350 ## - PRICE (NR) (BK AM CF MU VM SE) [OBSOLETE]
Price 15
490 ## - SERIES STATEMENT
Series statement BRE Building Renewal
Volume/sequential designation 317
520 ## - SUMMARY, ETC.
Summary, etc. Papers:- The social and economic context./ HALL, P. - The user`s view./ NEWENS, M. - The designer`s view./ MacCORMAC, R. - The contractor`s view./ SHEPHERD, P. - A European perspective./ CONTZEN, J-P. - A US perspective./ BERSTEIN, H.M. - Developing a UK perspective./ HEPPER, E.
650 ## - SUBJECT ADDED ENTRY--TOPICAL TERM
Topical term or geographic name entry element CONSTRUCTING THE FUTURE
650 ## - SUBJECT ADDED ENTRY--TOPICAL TERM
Topical term or geographic name entry element ENVIRONMENTALLY FRIENDLY BUILDINGS
650 ## - SUBJECT ADDED ENTRY--TOPICAL TERM
Topical term or geographic name entry element SUSTAINABLE CONSTRUCTION
650 ## - SUBJECT ADDED ENTRY--TOPICAL TERM
Topical term or geographic name entry element SUSTAINABLE DEVELOPMENT
690 ## - LOCAL SUBJECT ADDED ENTRY--TOPICAL TERM (OCLC, RLIN)
Topical term or geographic name as entry element BUILT ENVIRONMENT
942 ## - ADDED ENTRY ELEMENTS (KOHA)
Suppress in OPAC 0
948 ## - LOCAL PROCESSING INFORMATION (OCLC); SERIES PART DESIGNATOR (RLIN)
c (OCLC) 04/03/1997
Holdings
Withdrawn status Lost status Source of classification or shelving scheme Damaged status Not for loan Home library Current library Shelving location Date acquired Cost, normal purchase price Total Checkouts Full call number Barcode Date last seen Date last checked out Copy number Cost, replacement price Price effective from Koha item type
    Dewey Decimal Classification     London London Basement 04/02/1997 12.75 1 SHELF 205 30051987 06/08/2019 15/09/1999 1 12.75 06/08/2019 Book